Hecho en Chile.

שמור ב:
מידע ביבליוגרפי
מחבר ראשי: Court del Pedregal, Patricio (autor)
פורמט: ספר
יצא לאור: Los Vilos, Chile: Bodegón Cultural de Los Vilos, 2012.
נושאים:
תגים: הוספת תג
אין תגיות, היה/י הראשונ/ה לתייג את הרשומה!

MARC

LEADER 00000nam a22000007a 4500
003 CL-VaPUC
005 20240819171544.0
008 230808t2012 ||||| |||| 00| 0 eng d
999 |c 441548  |d 441546 
040 |c Pontificia Universidad Católica de Valparaíso 
082 0 4 |2 22  |a 759.983 COU 2012 
100 1 |a Court del Pedregal, Patricio  |9 546510  |e autor 
245 1 0 |a Hecho en Chile. 
260 |a Los Vilos, Chile:   |b Bodegón Cultural de Los Vilos,  |c 2012. 
300 |a sin paginación; ilustraciones. 
500 |a c.1 Donación Prof. Constanza Jarpa Luco. Memo ART 05/2023 
583 |c 20230808  |k Catalogador Asistente 
650 1 0 |a Pintura chilena contemporanea  |9 464598 
650 1 |a Pintura abstracta  |9 266224 
650 1 |a Pintores chilenos  |9 345328 
942 |2 ddc  |c BK 
952 |0 0  |1 0  |2 ddc  |4 0  |6 759_983000000000000_COU_2012  |7 0  |8 R  |9 591190  |a BIBART  |b BIBART  |d 2023-08-08  |e Donación  |i 5658362  |o 759.983 COU 2012  |p 5658362  |r 2025-03-13  |t 1  |w 2023-08-08  |y BK_R  |k ART